000 00227nam a22000857a 4500
008 160809b xxu||||| |||| 00| 0 eng d
100 _990
_aBlyton E
245 _aShock for the Secret Seven
260 _aLondon
_bHodder Publication
_c2004
999 _c2744
_d2744